| 000 | 00427cam a2200169ua 4500 | ||
|---|---|---|---|
| 020 | _c1.00 | ||
| 041 |
_amal _h |
||
| 082 |
_a894.8121 _bKES/RA |
||
| 100 | _aKesava Pillai, K C. | ||
| 245 |
_aRaghavamadhavam / _cKesavapillai. _hTextual Documents |
||
| 260 |
_aKottayam : _bSahitya Pravarthaka Co-operative Society , _c1960. |
||
| 300 | _a64 ; . | ||
| 365 | _a1.00 | ||
| 504 | _a | ||
| 942 | _cBK | ||
| 999 |
_c5157 _d5157 |
||